000 00293nam a22001337a 4500
008 180912b xxu||||| |||| 00| 0 eng d
020 _a013527169
041 _aeng
080 _a658
100 _a54
101 _aLID
245 _aLeadership in Organizations
_cYukl,. G.A
942 _2udc
_cBK
999 _c47710
_d47710